000 00668cam a2200229 4500500
005 20260329005259.0
041 _afre
042 _adc
100 1 0 _ade Oliveira, Victorine
_eauthor
245 0 0 _aBlaise Pascal, pensées de l’in-fini
260 _c2023.
500 _a11
690 _aBlaise Pascal
690 _aincertitude
690 _aInfini
690 _aInquiétude
690 _aPascal
690 _aVertige
690 _aVictorine de Oliveira
786 0 _nPhilosophie magazine | 167 | 2 | 2023-03-01 | p. 48-48 | 1951-1787
856 4 1 _uhttps://shs.cairn.info/magazine-philosophie-magazine-2023-2-page-48?lang=fr&redirect-ssocas=7080
999 _c1841926
_d1841926